[Event "AUTO-MASTER-335"]
[Site "http://www.queenalice.com/game.php?id=230884"]
[Date "2007.6.26"]
[Round "1"]
[White "Roswell"]
[Black "arvim"]
[Result "0-1"]
[WhiteElo "1965"]
[BlackElo "2115"]

1. e4 e6 2. d4 d5 3. e5 c5 4. c3 Qb6 5. Qg4 Nc6 6. a3 cxd4 7. Ne2 Nxe5 8. Qxd4
Qxd4 9. Nxd4 Ne7 10. Nd2 N7c6 11. N2f3 Nxf3+ 12. Nxf3 Bd6 13. Bd3 O-O 14. O-O e5
15. Bb5 Bg4 16. Ne1 a6 17. Ba4 Be2 0-1

[Event "AUTO-ADV-543"]
[Site "http://www.queenalice.com/game.php?id=231960"]
[Date "2007.6.28"]
[Round "1"]
[White "jojo2017"]
[Black "Roswell"]
[Result "1-0"]
[WhiteElo "1936"]
[BlackElo "1953"]

1. e4 e5 2. Bc4 c5 3. Nf3 Nc6 4. d3 Be7 5. h4 h6 6. Bb5 Bd6 7. Rh3 Nd4 8. Nc3
Nf6 9. Bc4 Bc7 10. Nd5 d6 11. Nxf6+ Qxf6 12. Rg3 Ne6 13. Bxe6 Qxe6 14. Rxg7 Bd8
15. c3 Bf6 16. Rg3 Qe7 17. h5 Bh4 18. Nxh4 Qxh4 19. Qf3 Qh1+ 20. Ke2 Qh4 21. Rg7
Be6 22. Be3 O-O-O 23. g3 Qe7 24. b4 Rhg8 25. Rxg8 Rxg8 26. Qh1 Rh8 27. c4 b6 28.
b5 f6 29. a4 Qf7 30. f3 f5 31. a5 bxa5 32. Rxa5 Qb7 33. Qa1 Rh7 34. Ra6 Qb8 35.
b6 fxe4 36. fxe4 Bg4+ 37. Kd2 Rd7 38. bxa7 Qa8 39. Qa5 1-0

[Event "AUTO-ADV-543"]
[Site "http://www.queenalice.com/game.php?id=231961"]
[Date "2007.6.28"]
[Round "1"]
[White "Roswell"]
[Black "jojo2017"]
[Result "1-0"]
[WhiteElo "2025"]
[BlackElo "1817"]

1. e4 e5 2. b3 d5 3. exd5 Qxd5 4. Nc3 Qd4 5. h3 Bb4 6. Bb2 Bxc3 7. Bxc3 Qe4+ 8.
Qe2 Qxe2+ 9. Bxe2 Nc6 10. Nf3 f6 11. Bb5 Bd7 12. a4 O-O-O 13. d3 a6 14. Bc4 Re8
15. O-O Nh6 16. b4 Nd4 17. Nxd4 exd4 18. Bxd4 Nf5 19. Bc3 Re2 20. Ra2 h5 21. b5
Re6 22. bxa6 bxa6 23. Bxe6 Bxe6 24. Rb2 Kd7 25. Rb7 Ra8 26. Ba5 Rc8 27. Ra7 Nh4
28. Rxa6 Bd5 29. f3 f5 30. Be1 g5 31. Bxh4 gxh4 32. c4 Bc6 33. d4 Rb8 34. d5 Bb7
35. Rh6 c6 36. dxc6+ Bxc6 37. Rd1+ Kc7 38. Rh7+ Kb6 39. Rb1+ 1-0

[Event "AUTO-ADV-543"]
[Site "http://www.queenalice.com/game.php?id=231976"]
[Date "2007.6.28"]
[Round "1"]
[White "Roswell"]
[Black "SuperMouse"]
[Result "0-1"]
[WhiteElo "2033"]
[BlackElo "1828"]

1. e4 e5 2. Nf3 Nc6 3. Bc4 Bc5 4. Nc3 Nf6 5. Qe2 d6 6. Ng5 O-O 7. h3 Nd4 8. Qd1
a6 9. Bf1 d5 10. d3 dxe4 11. Ncxe4 Nxe4 12. Nxe4 Ba7 13. c3 Ne6 14. Qf3 b5 15.
Qg3 Re8 16. Be2 Bb7 17. Ng5 h6 18. Ne4 Kh8 19. Bd2 c5 20. Rd1 Qc7 21. Qh4 Bxe4
22. Qxe4 Nf4 23. Bf3 Rad8 24. Bc1 c4 0-1

[Event "AUTO-ADV-543"]
[Site "http://www.queenalice.com/game.php?id=231977"]
[Date "2007.6.28"]
[Round "1"]
[White "SuperMouse"]
[Black "Roswell"]
[Result "1-0"]
[WhiteElo "1855"]
[BlackElo "2009"]

1. e4 e5 2. Nf3 d6 3. Bc4 h6 4. Nc3 Bd7 5. d4 exd4 6. Nxd4 Nc6 7. Be3 Nf6 8. Nf3
Ne5 9. Nxe5 dxe5 10. h3 Bd6 11. O-O g5 12. Be2 Rg8 13. Nd5 Nxe4 14. Bf3 Nc5 15.
Bh5 g4 16. hxg4 Na6 17. Qf3 Be6 18. Nf6+ Ke7 19. Nxg8+ Qxg8 20. Bxh6 c6 21. g5
Qh7 22. Qf6+ Kd7 23. Rad1 Nc5 24. Qxe5 Ne4 25. Rfe1 Bd5 26. Qd4 Qf5 27. f3 Qf4
28. fxe4 Qh2+ 29. Kf1 Qh1+ 30. Ke2 Qxh5+ 31. Kd3 Qg6 32. Kc3 b5 33. exd5 b4+ 34.
Kd2 c5 35. Qf6 1-0

[Event "AUTO-ADV-543"]
[Site "http://www.queenalice.com/game.php?id=231978"]
[Date "2007.6.28"]
[Round "1"]
[White "Roswell"]
[Black "reijf_Dornelas"]
[Result "1-0"]
[WhiteElo "1944"]
[BlackElo "1683"]

1. e4 e5 2. Nf3 d6 3. d4 exd4 4. Nxd4 Nf6 5. Nc3 c5 6. Bb5+ Bd7 7. Nf5 Qa5 8.
Bd3 Bxf5 9. exf5 Nd5 10. Bb5+ Nd7 11. Qxd5 Qb6 12. Bf4 O-O-O 13. Qxf7 Nf6 14.
O-O a6 15. Bd3 Rd7 16. Qe6 Be7 17. a4 Rd8 18. Bg5 Ng4 19. Nd5 Qc6 20. Nxe7+ Kc7
21. Nxc6 Kxc6 22. Be4+ Kc7 23. Bxd8+ Kxd8 24. Rad1 Nf6 25. Rxd6 Rxd6 26. Qxd6+
Ke8 27. Bd5 Nxd5 28. Re1+ 1-0

[Event "AUTO-ADV-543"]
[Site "http://www.queenalice.com/game.php?id=231979"]
[Date "2007.6.28"]
[Round "1"]
[White "reijf_Dornelas"]
[Black "Roswell"]
[Result "0-1"]
[WhiteElo "1642"]
[BlackElo "1965"]

1. e4 e5 2. Nf3 d6 3. Bc4 h6 4. d3 Be7 5. Nc3 c6 6. a4 a5 7. h3 Nf6 8. Nh4 Nxe4
9. dxe4 Bxh4 10. Qf3 Bf6 11. Be3 Nd7 12. O-O g5 13. Qh5 Rh7 14. Rad1 Be7 15. f4
Nf6 16. Qe2 gxf4 17. Bd2 Rg7 18. Rf3 Nh5 19. Kh2 Ng3 20. Rxg3 Rxg3 21. Qh5 Rg7
22. Qxh6 Bf8 23. Qh5 Qe7 24. Rf1 Be6 25. Bxe6 Qxe6 26. b3 O-O-O 27. Ne2 Be7 28.
Bxa5 Rdg8 29. Rg1 Rg5 30. Qf3 Bd8 31. Qc3 Bxa5 32. Qxa5 f3 33. gxf3 Qxh3+ 34.
Kxh3 Rh8# 0-1

[Event "Let's Play Chess!"]
[Site "http://www.queenalice.com/game.php?id=241492"]
[Date "2007.7.19"]
[Round "-"]
[White "spawnwolfwolverine"]
[Black "Roswell"]
[Result "0-1"]
[WhiteElo "1878"]
[BlackElo "1982"]

1. c4 e5 2. e4 Bc5 3. d3 Qe7 4. Nf3 Nc6 5. Be2 Nd4 6. Nxd4 Bxd4 7. O-O d6 8. Qb3
g5 9. Nd2 g4 10. g3 h5 11. h4 gxh3 12. Kh2 h4 13. Nf3 hxg3+ 14. fxg3 Bb6 15. Bg5
f6 16. Bh4 Nh6 17. Ng1 Ng8 18. Nxh3 Be6 19. Qd1 O-O-O 20. Bg4 Rf8 21. Bxe6+ Qxe6
22. Qf3 Ne7 23. Qg2 Ng6 24. Bxf6 Rxf6 25. Rxf6 Qxf6 26. Rf1 Qe6 27. Rf5 Ne7 28.
Rf3 Ng8 29. Rf8+ Kd7 30. g4 Qh6 31. Rf7+ Ke8 32. Rf5 Qe6 33. Qf3 Nh6 34. Rh5
Nxg4+ 35. Kg3 Rxh5 36. Qxg4 Qxg4+ 37. Kxg4 Rxh3 38. Kxh3 a5 39. a4 Bd4 40. b3 c6
41. Kg4 Ke7 42. Kf5 Bc3 43. Kg6 Ke6 44. Kg7 d5 45. cxd5+ cxd5 46. exd5+ Kxd5 47.
Kf7 Kd4 48. Ke6 Kxd3 49. Kd5 e4 50. Kc5 e3 51. Kb6 e2 52. Kxb7 e1=Q 53. b4 Qe7+
54. Ka6 Qxb4 55. Ka7 Qd6 56. Kb7 Bd4 57. Kc8 Bb6 58. Kb7 Qc7+ 59. Ka8 Qa7# 0-1

[Event "Let's Play Chess!"]
[Site "http://www.queenalice.com/game.php?id=241745"]
[Date "2007.7.19"]
[Round "-"]
[White "spawnwolfwolverine"]
[Black "Roswell"]
[Result "0-1"]
[WhiteElo "1851"]
[BlackElo "1994"]

1. d4 d5 2. e3 a6 3. Nf3 Bg4 4. Be2 Nf6 5. O-O Nc6 6. b3 e6 7. Ba3 Bd6 8. Bxd6
Qxd6 9. Nbd2 h6 10. c4 g5 11. c5 Qe7 12. a3 Bh5 13. Ne5 Bxe2 14. Qxe2 Nxe5 15.
dxe5 Nd7 16. b4 Nxe5 17. f4 gxf4 18. exf4 Nd7 19. a4 c6 20. Qg4 O-O-O 21. f5
Rdg8 22. Qf3 Qg5 23. Rad1 h5 24. fxe6 fxe6 25. Rf2 h4 26. h3 Rf8 27. Qg4 Qxg4
28. hxg4 Ne5 29. Rxf8+ Rxf8 30. Rf1 Rxf1+ 31. Kxf1 Nxg4 32. Nf3 Ne3+ 33. Kf2 Nf5
34. g4 hxg3+ 35. Kg2 Kc7 36. Ne5 b6 37. Kf3 bxc5 38. bxc5 d4 39. Ng6 d3 40. Nf4
Nh4+ 41. Ke3 g2 42. Nxg2 Nxg2+ 43. Kxd3 Kd7 44. Kc4 e5 45. Kd3 Ke6 46. Ke4 Nf4
47. Ke3 Kd5 48. Kf3 Nd3 49. Ke3 e4 50. a5 Nxc5 51. Kd2 Kd4 52. Ke2 Nb3 53. Kf2
Kd3 54. Ke1 e3 55. Kd1 e2+ 56. Ke1 c5 57. Kf2 Kd2 58. Kf3 e1=Q 59. Kf4 c4 60.
Kf5 c3 0-1

[Event "AUTO-OPEN-481"]
[Site "http://www.queenalice.com/game.php?id=261223"]
[Date "2007.8.25"]
[Round "2"]
[White "Roswell"]
[Black "QuickQuickSlow"]
[Result "1-0"]
[WhiteElo "1945"]
[BlackElo "2184"]

1. e4 c5 2. Nc3 d6 3. d4 cxd4 4. Qxd4 a6 5. Bd2 Nc6 6. Qe3 Nf6 7. h3 e5 8. Bc4
Nd4 9. Rc1 Be7 10. Nf3 Nxf3+ 11. Qxf3 Be6 12. Be2 O-O 13. g4 d5 14. Bd3 b5 15.
Rg1 b4 16. Nxd5 Nxd5 17. exd5 Qxd5 18. Be4 Qd8 19. Bxa8 Qxa8 20. Qxa8 Rxa8 21.
b3 Rc8 22. c4 bxc3 23. Rxc3 1-0

[Event "AUTO-OPEN-481"]
[Site "http://www.queenalice.com/game.php?id=261224"]
[Date "2007.8.25"]
[Round "2"]
[White "QuickQuickSlow"]
[Black "Roswell"]
[Result "1-0"]
[WhiteElo "2170"]
[BlackElo "1940"]

1. e4 e5 2. Nf3 d6 3. d4 Nf6 4. Nc3 Nbd7 5. Bc4 c6 6. a4 Nb6 7. Be2 a5 8. dxe5
Ng4 9. exd6 Qxd6 10. h3 Ne5 11. Nxe5 Qxe5 12. O-O Bd6 13. f4 Bc5+ 14. Kh1 Qe7
15. Bd3 Qh4 16. Qf3 h5 17. f5 Bd6 18. Be3 Nd7 19. Bd4 Rh7 20. f6 g6 21. e5 Qxd4
22. exd6 Ne5 23. Rae1 Be6 24. Qe4 Qxe4 25. Bxe4 h4 26. Ne2 O-O-O 27. Nf4 Rxd6
28. Nxe6 Rxe6 29. Bd3 Rh5 30. Be2 Rf5 31. Rxf5 gxf5 32. Bh5 Nd7 33. Rxe6 fxe6
34. Bf7 Nc5 35. g4 Kd7 36. g5 Ne4 37. g6 Nxf6 38. g7 f4 39. g8=Q Nxg8 40. Bxg8
Kd6 41. Kg2 1-0

[Event "AUTO-OPEN-481"]
[Site "http://www.queenalice.com/game.php?id=261225"]
[Date "2007.8.25"]
[Round "2"]
[White "Roswell"]
[Black "johntelker"]
[Result "1-0"]
[WhiteElo "1955"]
[BlackElo "1786"]

1. e4 e6 2. d4 d5 3. e5 Ne7 4. Bg5 h6 5. Bh4 c6 6. b4 Qc7 7. Bg3 Nf5 8. Bf4
Bxb4+ 9. c3 Be7 10. Nf3 b5 11. Bd3 Nh4 12. O-O a6 13. Bg3 Nxf3+ 14. Qxf3 O-O 15.
Bf4 Bb7 16. Qh3 g5 17. Qxh6 gxf4 18. Qh7# 1-0

[Event "AUTO-OPEN-481"]
[Site "http://www.queenalice.com/game.php?id=261226"]
[Date "2007.8.25"]
[Round "2"]
[White "johntelker"]
[Black "Roswell"]
[Result "1-0"]
[WhiteElo "1835"]
[BlackElo "1987"]

1. d4 d5 2. Nf3 Bf5 3. a3 Nf6 4. e3 a6 5. h3 e6 6. Nbd2 Bd6 7. b4 b5 8. Bb2 h6
9. Bd3 Ne4 10. Bxe4 dxe4 11. Ng1 1-0

[Event "Challenge"]
[Site "http://www.queenalice.com/game.php?id=312216"]
[Date "2007.11.29"]
[Round "-"]
[White "mario"]
[Black "Roswell"]
[Result "0-1"]
[WhiteElo "1752"]
[BlackElo "1936"]

1. e4 e5 2. Nf3 d6 3. d4 Nd7 4. d5 Nc5 5. Nc3 a6 6. Be2 Be7 7. b4 Nd7 8. Nb1
Ndf6 9. Qd3 Bd7 10. Bg5 Nh5 11. Qe3 h6 12. Bxe7 Qxe7 13. Na3 Nf4 14. c4 Nxg2+
0-1

[Event "Let's Play Chess!"]
[Site "http://www.queenalice.com/game.php?id=332328"]
[Date "2008.1.9"]
[Round "-"]
[White "ricma"]
[Black "Roswell"]
[Result "1-0"]
[WhiteElo "1881"]
[BlackElo "2013"]

1. e4 e5 2. Nf3 d6 3. Nc3 c6 4. d4 Qc7 5. Bc4 Bg4 6. h3 exd4 7. Qxd4 Bh5 8. g4
Bg6 9. Bb3 Nd7 10. a3 Be7 11. Qe3 Ne5 12. Nd4 h6 13. f4 Nd7 14. Nf5 O-O-O 15.
Nxe7+ Nxe7 16. f5 Bh7 17. Qxa7 d5 18. Ne2 Ne5 19. Bf4 f6 20. O-O-O Bg8 21. Be3
Qb8 22. Qa5 Bf7 23. Bf4 1-0

[Event "Let's Play Chess!"]
[Site "http://www.queenalice.com/game.php?id=332376"]
[Date "2008.1.9"]
[Round "-"]
[White "Roswell"]
[Black "ricma"]
[Result "0-1"]
[WhiteElo "1992"]
[BlackElo "1930"]

1. e4 e5 2. Bc4 Nf6 3. Nf3 d5 4. Bb3 Nxe4 5. d3 Nc5 6. c3 Bg4 7. Ba4+ c6 8. Bc2
f5 9. Qd2 e4 10. Ne5 Bh5 11. d4 Ncd7 12. Nxd7 Nxd7 13. Qe3 Be7 14. Nd2 O-O 15.
f3 Bh4+ 16. Kd1 f4 17. Qg1 e3 18. Nb3 e2+ 19. Kxe2 Re8+ 20. Kd1 Re1+ 21. Qxe1
Bxe1 22. Rxe1 Qh4 23. Bd3 Re8 24. Rh1 Nf6 25. Bd2 Ne4 26. Kc2 Nf2 27. g3 Qh3 28.
Rhe1 Rxe1 29. Rxe1 Nxd3 30. Kxd3 Bg6+ 31. Ke2 Qg2+ 32. Kd1 Qxf3+ 33. Re2 Bd3 0-1

[Event "Challenge"]
[Site "http://www.queenalice.com/game.php?id=346598"]
[Date "2008.2.1"]
[Round "-"]
[White "jojo2017"]
[Black "Roswell"]
[Result "0-1"]
[WhiteElo "1951"]
[BlackElo "1999"]

1. e4 e5 2. Nf3 Nc6 3. Bc4 f5 4. Bxg8 Rxg8 5. d3 f4 6. d4 Qf6 7. d5 Nd4 8. Nbd2
g5 9. Nc4 Nxf3+ 10. Qxf3 g4 11. Qb3 Qg6 12. g3 Qxe4+ 13. Kd2 Qxh1 14. gxf4 Qxd5+
15. Ke1 Rg6 16. f5 Qe4+ 17. Ne3 Rb6 18. Qc4 Qxc4 0-1

[Event "AUTO-MASTER-461"]
[Site "http://www.queenalice.com/game.php?id=347992"]
[Date "2008.2.3"]
[Round "1"]
[White "Lopesq"]
[Black "Roswell"]
[Result "1-0"]
[WhiteElo "1927"]
[BlackElo "1974"]

1. Nf3 Nf6 2. d4 g6 3. Bf4 Bg7 4. e3 d5 5. Nbd2 Nc6 6. Bb5 Bd7 7. c4 O-O 8. Bxc6
Bxc6 9. c5 b6 10. Qc2 Rc8 11. b4 Nh5 12. Be5 f6 13. Bg3 Qd7 14. Bh4 1-0

[Event "AUTO-MASTER-461"]
[Site "http://www.queenalice.com/game.php?id=347993"]
[Date "2008.2.3"]
[Round "1"]
[White "Roswell"]
[Black "Lopesq"]
[Result "0-1"]
[WhiteElo "1956"]
[BlackElo "1945"]

1. e4 c5 2. d4 cxd4 3. Nf3 Nc6 4. Nxd4 e5 5. Nxc6 bxc6 6. Bd2 Nf6 7. Bg5 Be7 8.
Bxf6 Bxf6 9. Nc3 O-O 10. g3 d6 11. f4 exf4 12. Qd3 Re8 13. O-O-O fxg3 0-1

[Event "AUTO-MASTER-461"]
[Site "http://www.queenalice.com/game.php?id=348004"]
[Date "2008.2.3"]
[Round "1"]
[White "Roswell"]
[Black "HILITO"]
[Result "0-1"]
[WhiteElo "1933"]
[BlackElo "2027"]

1. e4 Nc6 2. d4 d5 3. exd5 Qxd5 4. Be3 e5 5. c4 Bb4+ 6. Nd2 Bxd2+ 7. Qxd2 Qd8 8.
d5 Nce7 9. Bd3 Nf6 10. Qc2 O-O 11. f3 Ng6 12. g3 c6 13. O-O-O cxd5 14. cxd5 Bd7
15. Kb1 Nxd5 16. Qd2 Be6 0-1

[Event "AUTO-MASTER-461"]
[Site "http://www.queenalice.com/game.php?id=348005"]
[Date "2008.2.3"]
[Round "1"]
[White "HILITO"]
[Black "Roswell"]
[Result "1-0"]
[WhiteElo "2039"]
[BlackElo "1921"]

1. e4 e5 2. Nf3 d5 3. exd5 Bd6 4. d3 Bg4 5. Be2 Bxf3 6. Bxf3 h6 7. O-O Nf6 8. c4
c6 9. Nc3 Qc7 10. dxc6 bxc6 11. Ne4 Be7 12. a3 a5 13. d4 Nbd7 14. d5 Nxe4 15.
Bxe4 Bd6 16. dxc6 Nf6 17. Bd5 1-0